| 000 | 00000nas##2200000za#4500 |
| 001 | 9.513537 |
| 003 | CaOODSP |
| 005 | 20200325131549 |
| 007 | ta |
| 008 | 150406c2004||||xxc|| m #||||f| |0fre|d |
| 040 | |aCaOODSP|bfre |
| 043 | |an-cn--- |
| 086 | 1 |aEn49-31F |
| 110 | 1 |aCanada. |bEnvironnement Canada. |bService de la protection de l'environnement. |
| 245 | 10|aRapports du service de la protection de l'environnement. [Produits chimiques commerciaux] |
| 260 | |aOttawa - Ontario : |bEnvironnement Canada. |
| 563 | |aCouverture souple |
| 775 | 08|tEnvironmental Protection series. [Commercial chemicals] |w(CaOODSP)9.515201 |